|
|
|
|
| LEADER |
00000naa2a2200000 4500 |
| 001 |
316690 |
| 005 |
20260202105003.0 |
| 035 |
|
|
|a (RuTPU)RU\TPU\book\342158
|
| 035 |
|
|
|a RU\TPU\book\342157
|
| 090 |
|
|
|a 316690
|
| 100 |
|
|
|a 20160328d2003 k y0rusy50 ca
|
| 101 |
0 |
|
|a rus
|
| 102 |
|
|
|a RU
|
| 200 |
1 |
|
|a Кубань: Проблемы социально-культурной адаптации этнических мигрантов в принимающем обществе
|f В. Н. Ракачев
|
| 320 |
|
|
|a Библиогр.: с. 92-93 (21 назв.)
|
| 463 |
|
0 |
|0 (RuTPU)RU\TPU\book\60517
|y 5-7567-308-X
|t Мультикультурализм и этнокультурные процессы в меняющемся мире. Исследовательские подходы и интерпретации
|f Под ред. Г. И. Зверевой
|v С. 77-93
|d 2003
|s Открытое общество
|
| 700 |
|
1 |
|a Ракачев
|b В. Н.
|
| 801 |
|
1 |
|a RU
|b 63413507
|c 20160321
|
| 801 |
|
2 |
|a RU
|b 63413507
|c 20160328
|g RCR
|
| 942 |
|
|
|c BK
|